zpět

Detail výsledku týmu

Pivní restaurace, Kadaň

Datum a čas kvízu

23 Celkem bodů Celkový počet nahraných bodů na tomto kvízu bez doplňovacích otázek.
4. Pořadí na kvízu Konečné umístění týmu na tomto kvízu.

Zaznamenané odpovědi

# Otázka Odpověď Body Výsledky
1. Krajský soud v Praze začal v ú... 1
2. Donald Trump přivítal v Bílém... 1
3. Kdo si občas zabrnká na kytaru... 1
4. Jak bylo minulý týden oznámeno... 1
5. Přiřaďte účastnice právě probí... 0
6. Zvíře jménem Benjamin v Orwell... 0
7. Kniha Volání divočiny se odehr... 0
8. Příběhy medvídka Pú pochází z... 0
9. O Knize džunglí jsme se v kvíz... 0
10. Lev, čarodějnice a skříň není... 0